La escuela y la lucha por la ciudadanía.

Na minha lista:
Detalhes bibliográficos
Autor principal: Giroux, Henry A. (autor)
Formato: Livro
Idioma:espanhol
Assuntos:
Tags: Adicionar Tag
Sem tags, seja o primeiro a adicionar uma tag!

MARC

LEADER 00000cam^a2200000uu^4500
001 000476425
005 20250521000000.0
008 050901s1988^^^^^^^^^^^^rd^r^^000^0^spa^d
009 20260310124826.987
022 |a 968231867X 
035 |a FCE 000019302 
035 |a FCE 025080 
037 |a Acervo ITESO - Biblioteca 
041 |a spa 
082 0 4 |a 370.115  |b GIRe 
100 |a Giroux, Henry A.  |e (autor) 
245 1 3 |a La escuela y la lucha por la ciudadanía. 
264 |a México :  |b Siglo XXI,  |c 1988. 
300 |a 333 p. 
336 |a texto  |b txt  |2 rdacontenido 
337 |a sin mediación  |b n  |2 rdamedio 
338 |a volumen  |b nc  |2 rdasoporte 
649 |a XX 
650 |a Política cultural 
650 |a Ciudadanía 
650 |a Papel del docente 
650 |a Escolaridad 
650 |a Pedagogía crítica 
650 |a Educación para la democracia 
910 |a Fondo Centro de Estudios Educativos 
920 |a Impresos - Libros 
930 |a Fondos Especiales 
905 |a 133 
901 |a ALE025080  |b IT2  |c CEE  |u 20250521 
902 |a https://opac.biblio.iteso.mx/vufind/Record/000476425